Statystyki dla Najlepsi strzelcy Legii Warszawa w XXI w.

Kliknij tutaj aby rozwiązać quiz!

Ogólne statystyki

  • Ten quiz został rozwiązany 218 razy
  • Średni wynik to 12 z 20

Statystyki odpowiedzi

SezonIlość goliNarodowośćStrzelec% Poprawnych
2016/1712 goliWęgryNemanja Nikolić
95%
2015/1628 goliWęgryNemanja Nikolić
95%
2018/1916 goliHiszpaniaCarlitos
89%
2010/119 goliSerbiaMiroslav Radović
83%
2013/1414 goliSerbiaMiroslav Radović
83%
2017/1813 goliPolskaJarosław Niezgoda
79%
2019/2014 goliPolskaJarosław Niezgoda
79%
2011/1211 goliSerbiaDanijel Ljuboja
74%
2012/1312 goliSerbiaDanijel Ljuboja
74%
2014/1513 goliPortugaliaOrlando Sá
59%
2004/0514 goliPolskaMarek Saganowski
52%
2003/0417 goliPolskaMarek Saganowski
52%
2007/0815 goliZimbabweTakesure Chinyama
52%
2008/0919 goliZimbabweTakesure Chinyama
52%
2002/0324 goleSerbiaStanko Svitlica
41%
2006/0710 goliPolskaPiotr Włodarczyk
33%
2005/0610 goliPolskaPiotr Włodarczyk
33%
2000/0113 goliPolskaMarcin Mięciel
25%
2001/0213 goliPolskaCezary Kucharski
20%
2009/106 goliPolskaBartłomiej Grzelak, Maciej Iwański
14%

Rozkład punktacji

Percentyl według liczby udzielonych odpowiedzi

Procent ludzi z każdym wynikiem

Twoja historia wyników

Nie rozwiązałeś tego quizu